| 000 | 00335nam a2200133Ia 4500 | ||
|---|---|---|---|
| 008 | 230312s9999||||xx |||||||||||||| ||und|| | ||
| 082 |
_a342.730852 _bTHE-R |
||
| 100 | _aTehseen;Muhammad | ||
| 245 | 0 | _aReligious Freedom of minorities in pakistan | |
| 260 |
_bSouth asia _aPK _c2015 |
||
| 300 | _a38 | ||
| 650 | _aLiterature | ||
| 942 | _cBK | ||
| 999 |
_c1554 _d1554 |
||